000 00989cam a22003131 4500
001 24984
003 BD-RjUL
005 20211209050820.0
008 140315s1965 enk b 001 0 eng
035 _a(BD-RjUL)25053
035 _a(OCoLC)400990
040 _aDLC
_cODaWU
_dOCoLC
_dUk
_dBD-RjUL
_beng
041 _aeng
082 0 0 _a941.075
_bGAR 1965
100 1 _aGash, Norman.
_975972
245 1 0 _aReaction and reconstruction in English politics, 1832-1852 /
_cNorman Gash.
260 _aOxford :
_bClarendon Press,
_cc1965.
300 _a227 p. ;
_c22 cm.
490 1 _aThe Ford lectures,
_v1964
504 _aBibliography: p. [219] Bibliographical footnotes.
504 _aIncludes index.
651 0 _aGreat Britain
_xPolitics and government
_y1830-1837.
_974084
651 0 _aGreat Britain
_xPolitics and government
_y1837-1901.
_910732
830 0 _v1964.
_976850
830 0 _aFord lectures ;
_91538
942 _2ddc
_cBK
999 _c24984
_d24984